[Event "Bundesliga 0405"]
[Site "Germany"]
[Date "2005.01.30"]
[Round "9.5"]
[White "Saltaev, Mihail"]
[Black "Berndt, Stephan"]
[Result "1-0"]
[WhiteElo "2485"]
[BlackElo "2438"]
[PlyCount "91"]
[EventDate "2004.11.12"]
[EventType "team-tourn"]
[EventRounds "15"]
[EventCountry "GER"]
[SourceTitle "CBM 106"]
[Source "ChessBase"]
[SourceDate "2005.06.06"]
[SourceVersion "1"]
[SourceVersionDate "2005.06.06"]
[SourceQuality "1"]
[WhiteTeam "Muelheim Nord"]
[BlackTeam "Neukoelln"]
[WhiteTeamCountry "GER"]
[BlackTeamCountry "GER"]

1. e4 c5 2. Nf3 d6 3. d4 cxd4 4. Nxd4 Nf6 5. Nc3 g6 6. Bc4 Bg7 7. 0-0 0-0 8. Re1 Nc6 9. Nb3 Bg4 10. f3 Be6 11. Nd5 Rc8 12. Bf1 Ne5 13. a4 Re8 14. c3 Nc4 15. a5 Bxd5 16. exd5 Qd7 17. Kh1 b5 18. axb6 axb6 19. Nd4 Nxd5 20. Qb3 b5 21. Nxb5 Ndb6 22. Ra7 Qd8 23. Bg5 Bf6 24. Bxf6 exf6 25. Rea1 Re7 26. h3 d5 27. Qb4 Rxa7 28. Nxa7 Ra8 29. Nc6 Qf8 30. Qxf8+ Rxf8 31. Ne7+ Kg7 32. Nxd5 Rd8 33. Nxb6 Nxb6 34. c4 Rd2 35. b4 Rc2 36. c5 Nd5 37. Rb1 f5 38. Bd3 Rc3 39. Ba6 Kf6 40. b5 Rxc5 41. b6 Nxb6 42. Rxb6+ Kg7 43. Kh2 f4 44. Rb7 g5 45. Bd3 h5 46. Rb5 1-0